<?xml version="1.0" encoding="UTF-8"?>
<marc:record xmlns:marc="http://www.loc.gov/MARC21/slim">
   <marc:leader>00000nam a2200000 a 4500</marc:leader>
   <marc:datafield ind1="1" ind2=" " tag="100">
      <marc:subfield code="a">Jarosz, Daniela</marc:subfield>
      <marc:subfield code="4">aut</marc:subfield>
      <marc:subfield code="e">Verfasser/-in</marc:subfield>
   </marc:datafield>
   <marc:datafield ind1="0" ind2="0" tag="245">
      <marc:subfield code="a">Prinzessin Juni Wirbelwind</marc:subfield>
   </marc:datafield>
   <marc:datafield ind1=" " ind2="1" tag="264">
      <marc:subfield code="b">G&amp;G Verlag, Kinder- und Jugendbuch</marc:subfield>
      <marc:subfield code="c">2024</marc:subfield>
   </marc:datafield>
   <marc:datafield ind1="1" ind2=" " tag="490">
      <marc:subfield code="a">Lesezug</marc:subfield>
   </marc:datafield>
   <marc:datafield ind1="1" ind2=" " tag="520">
      <marc:subfield code="a">Juni liebt es, auf ihrem Einhorn Zuckerwatte zu turnen und über den Regenbogen zu fegen. Ihrem besonderen Begleiter, dem ängstlichen Drachen Platsch, gefällt das gar nicht. Als Platsch sich verletzt, weiß Juni, was zu tun ist: Die Blätter des magischen Baums können den Flügel heilen. Ohne zu zögern, macht sich der Wirbelwind auf den Weg, um ihrem Freund zu helfen. Wird es Juni gelingen, den magischen Baum zu erklimmen?</marc:subfield>
   </marc:datafield>
   <marc:datafield ind1=" " ind2=" " tag="020">
      <marc:subfield code="a">9783707426328</marc:subfield>
      <marc:subfield code="9">9783707426328</marc:subfield>
   </marc:datafield>
</marc:record>
